000 00780nam a2200217Ia 4500
003 OSt
005 20251111105847.0
008 210210b2016 xxu||||| |||| 00| 0 eng d
020 _a9788184676501
040 _cAL
041 _akan
082 _aK894.4 IRAN
100 _aIRAVATI KARVE
_9167500
_dಇರಾವತಿ ಕರ್ವೆ
245 _aNamma samskrati: samskrati chintaneya bidi barahagalu
_bನಮ್ಮ ಸಂಸ್ಕ್ರತಿ: ಸಂಸ್ಕ್ರತಿ ಚಿಂತನೆಯ ಬಿಡಿ ಬರಹಗಳು
260 _aBengaluru
_bNavakarnataka Prakashana
_c2016
300 _a111
690 _aKannada Prose
_9167501
700 _aChandrakanta Pokale
_dಚಂದ್ರಕಾಂತ ಪೋಕಳೆ tr
_9244965
906 _a071291
942 _2ddc
_cBK
999 _c120630
_d120630